Statistics for Shoe Brand Logos

Click here to take the quiz!

General Stats

  • This quiz has been taken 12,407 times
  • The average score is 8 of 13

Answer Stats

Answer% Correct
Nike
100%
Adidas
99%
Puma
98%
New Balance
89%
Vans
86%
Under Armour
83%
Converse
82%
Asics
57%
Skechers
56%
Reebok
38%
Lotto
23%
Mizuno
19%
Saucony
17%

Score Distribution

Percentile by Number Answered

Percent of People with Each Score

Your Score History

You have not taken this quiz